Biology Trivia! - Statistics

General Stats
  • This quiz has been taken 225 times
    203 since last reset
  • The average score is 9 of 15
Answer Stats
Biology Questions Answer % Correct
A person who studies biology is known as a? Biologist
98%
What is the name of the process used by plants to convert sunlight into food? Photosynthesis
98%
Botany is the study of? Plants
92%
Bacterial infections in humans can be treated with what? Antibiotics
84%
What is the process of breaking down food called? Digestion
79%
What is the biggest artery in the human body? Aorta
74%
What is the outermost covering of trees and some plants called? Bark
68%
A single piece of coiled DNA is known as a? Chromosome
60%
What are the tiny air sacs in the lungs called? Alveoli
56%
What is the expected time an organism will live called? Life Span
54%
What is the fin on the backs of fish, some whales and dolphins called? Dorsal Fin
46%
What grows from an acorn? Oak Tree
46%
What is the cell where a virus reproduces called? Host Cell
33%
What body system is the human heart part of? Circulatory System
32%
What is the name for a virus that infects a bacteria? Bacteriophage
25%
No matching quizzes found
Score Distribution
Percent of People with Each Score
Percentile by Number Answered
Your Score History
You have not taken this quiz since the last reset